Statistics for Pokémon A-Z

Click here to take the quiz!

General Stats

  • This quiz has been taken 15 times
  • The average score is 18 of 26

Answer Stats

QuestionLetterAnswer% Correct
Sunny region based on HawaiiAAlola
100%
Gen 8 gimmick that makes Pokémon biggerDDynamax
91%
Real life Species that the pokemon Cufant is based onEElephant
91%
Country that the Kalos region is based onFFrance
91%
Boss of Team RocketGGiovanni
91%
Fighting type Pokémon named after Jackie ChanHHitmonchan
91%
Region based on a real region of japanKKanto
91%
Water type gym leader that Ash travels with in the animeMMisty
91%
Remake of Pokémon RubyOOmega Ruby
91%
Suicune's TypeWWater
91%
Bird Pokémon That sees "Past and future at the same time" according to the PokedexXXatu
91%
Type of the move "Avalanche"IIce
82%
Professor of the Unova region, also the name of a treeJJuniper
73%
Champion of the Johto regionLLance
73%
Rare Virus that has a one in 21,000 chance of infecting your pokemonPPokerus
73%
"Evil" team that worship MarnieYTeam Yell
73%
Series of legendary like Pokémon found in wormholesUUltra Beast
73%
Evolve this to get Ninjask and shedinjaNNincada
64%
Pokeball that has a higher chance of success if used earlier in the battleQQuick ball
64%
Legendary of the Kalos region that sadly never got it's own gameZZygarde
64%
First Pokemon designedRRhydon
55%
Gimmick added in generation 9 that gives the Pokémon a hat and changes their typeTTerastallization
36%
Canon name of the male protagonist in the Hoenn regionBBrendon
27%
Lake in the Sinnoh region home to AzelfVLake Valor
18%
Name of the large volcano/mountain in the Hoenn region that you take the cable car to get up toCChimney
9%
Pokémon CreatorSSatoshi Tajiri
9%

Score Distribution

Percentile by Number Answered

Percent of People with Each Score

Your Score History

You have not taken this quiz